Evangelio según San Marcos

Gardado en:
Detalles Bibliográficos
Formato: Libro
Idioma:Lingua castelá
Publicado: Madrid Paulinas 1962
Series:Colección Verbum Salutis
Subjects:
Tags: Engadir etiqueta
Sen Etiquetas, Sexa o primeiro en etiquetar este rexistro!

MARC

LEADER 00000nam a2200000 a 4500
001 UCL1806
003 CL-VaPUC
008 030926e19620000SP |||||||||||||||||spa|d
082 0 4 |a 226.3  |b EVA  |2 21 
245 1 0 |a Evangelio según San Marcos 
300 |a 414 p 
942 |c BK 
945 |d 20030926 00:00:00  |a vberengu 
260 |a Madrid  |b Paulinas  |c 1962 
650 0 |a Evangelios  |9 314864 
650 0 |a Evangelistas  |9 315131 
650 0 |a Nuevo testamento  |9 257604 
583 |a last modification  |c 20030926 00:00:00  |k Rodrigo Vera 
490 0 |a Colección Verbum Salutis 
999 |c 305246  |d 305244 
952 |0 0  |1 2  |4 0  |6 226_300000000000000_EVA_1962  |7 0  |8 A  |9 368370  |a BIBTEO  |b BIBTEO  |d 2019-11-21  |i 2078899  |o 226.3 EVA 1962  |p 2078899  |r 2019-11-21  |w 2019-11-21  |x Descarte 2019  |y BK  |k ICR